Statistics for Geography General Knowledge #1

Click here to take the quiz!

General Stats

  • This quiz has been taken 97,095 times
  • The average score is 11 of 20

Answer Stats

Question Answer % Correct
What is the largest desert in Africa?Sahara
89%
What is the highest mountain in Japan?Mount Fuji
85%
What goddess is the the capital of Greece named after?Athena
83%
What is the national animal of the United States?Bald Eagle
78%
What is the biggest island in the Caribbean?Cuba
75%
What is the tallest mountain in Africa?Mount Kilimanjaro
74%
What well-known dance form originated in Argentina and Uruguay?Tango
66%
By volume of water, what is the largest lake in Scotland?Loch Ness
63%
On what sea is the Russian city of Sochi located?Black Sea
60%
What country's national rugby union team are known as the Springboks?South Africa
56%
What is the tallest waterfall in the world?Angel Falls
54%
What is the southernmost national capital city?Wellington
50%
What Italian region has its capital in Florence?Tuscany
43%
What island is shared by Haiti and the Dominican Republic?Hispaniola
42%
What is the name of the Dutch-speaking region of Belgium?Flanders
39%
In what country would you find the greatest number of Coptic Christians?Egypt
38%
On what peninsula would you find Cabo San Lucas?Baja California
32%
What U.S. state is called the "Sooner State"?Oklahoma
31%
What "line" divides the northern and southern U.S. states?Mason-Dixon line
29%
On what island did dodo birds live (before going extinct)?Mauritius
25%

Score Distribution

Percentile by Number Answered

Percent of People with Each Score

Your Score History

You have not taken this quiz